书目信息 |
| 题名: |
意志的锻炼
|
|
| 作者: | 黄京尧 著 | |
| 分册: | ||
| 出版信息: | 上海 上海人民出版社 1984 |
|
| 页数: | 127页 | |
| 开本: | 19cm | |
| 丛书名: | 青年之友丛书 | |
| 单 册: | ||
| 中图分类: | D432.62 | |
| 科图分类: | ||
| 主题词: | 青年工作--思想政治教育--中国 | |
| 电子资源: | ||
| ISBN: | ||
| 000 | 00685nam2 2200253 45 | |
| 001 | 0184010262 | |
| 005 | 20050623163559.4 | |
| 010 | @dCNY0.31 | |
| 091 | @a3074.700 | |
| 100 | @a19950123d1984 em y0chiy0121 ea | |
| 101 | 0 | @achi |
| 102 | @aCN@b310000 | |
| 105 | @ay z 000yy | |
| 200 | 10 | @a意志的锻炼@Ayi zhi de duan lian@f黄京尧著@FHuang Jing Yao Zhu |
| 210 | @a上海@c上海人民出版社@d1984 | |
| 215 | @a127页@d19cm | |
| 225 | 2 | @a青年之友丛书 |
| 410 | 0 | @120010@a青年之友丛书 |
| 606 | @a青年工作@x思想政治教育@x中国 | |
| 690 | @aD432.62@v3 | |
| 701 | 0 | @a黄京尧@4著 |
| 801 | 0 | @aCN@b上海图书馆@c20040420 |
| 801 | 2 | @aCN@bNLC@c20040420 |
| 905 | @dD432.62@e100@f1@b171442 | |
| 意志的锻炼/黄京尧著.-上海:上海人民出版社,1984 |
| 127页;19cm.-(青年之友丛书) |
| ISBN :CNY0.31 |
| ● |
| 相关链接 |
|
|
|
|
正题名:意志的锻炼
索取号:D432.62/100
 
预约/预借
| 序号 | 登录号 | 条形码 | 馆藏地/架位号 | 状态 | 备注 |
| 1 | 0171440 | 001879079 | 密集书库/ [索取号:D432.62/100] | 在馆 | |
| 2 | 0171441 | 000480660 | 密集书库/ [索取号:D432.62/100] | 在馆 | |
| 3 | 0171442 | 000480651 | 第一样本阅览室/ [索取号:D432.62/100] | 在馆 |